[Event "DEM U10 2011"]
[Site "Oberhof GER"]
[Date "2011.06.12"]
[Round "1"]
[White "Silber, Kevin"]
[Black "Schumacher, Simon"]
[Result "1-0"]
[Termination "normal"]
[Board "27"]
[WhiteElo "1341"]
[BlackElo "1005"]
[PlyCount "165"]
[WhiteFideId "12930440"]
[EventCountry "GER"]
[EventRounds "11"]
[EventType "swiss"]
[EventDate "2011.06.11"]

1. e4 d5 2. exd5 Qxd5 3. Qf3 Qxf3 4. Nxf3 Nc6 5. Bc4 Nf6 6. O-O Bf5 7. d3 e6 8.
Nc3 Bd6 9. h3 Nb4 10. Bb3 O-O 11. a3 Nc6 12. Bg5 Be7 13. Nb5 Rac8 14. g4 Bg6
15. Rfe1 h6 16. Bh4 a6 17. Nbd4 Nxd4 18. Nxd4 Rfd8 19. c3 c5 20. Nf3 Rxd3 21.
Re3 Rxe3 22. fxe3 b5 23. g5 Nd5 24. Bxd5 exd5 25. gxh6 Bxh4 26. hxg7 Kxg7 27.
Nxh4 Be4 28. Rf1 Rg8 29. Kf2 a5 30. Rg1+ Bg6 31. Nf5+ Kh7 32. Ne7 Rd8 33. Nc6
Ra8 34. Rg5 Ra6 35. Nb8 Rf6+ 36. Ke2 Be4 37. Nd7 Rc6 38. Ne5 Rc7 39. Ng4 f5 40.
Nf6+ Kh6 41. Nxe4 fxe4 42. Rxd5 b4 43. axb4 axb4 44. cxb4 cxb4 45. Kd2 b3 46.
Rb5 Rc2+ 47. Kd1 Rxb2 48. Kc1 Rh2 49. Rxb3 Rxh3 50. Kd2 Kg5 51. Rb5+ Kg4 52.
Re5 Kf3 53. Rf5+ Kg4 54. Rf4+ Kg3 55. Rxe4 Kf2 56. Re8 Kf3 57. Kd3 Kg4 58. Rf8
Kg5 59. Kd4 Kg6 60. e4 Kg7 61. Rf1 Rh8 62. e5 Rf8 63. Rc1 Rd8+ 64. Ke4 Kf8 65.
Rc7 Ke8 66. e6 Rb8 67. Kf5 Rb5+ 68. Kf6 Rb8 69. Rh7 Kd8 70. Rh8+ Kc7 71. Rxb8
Kxb8 72. e7 Kc7 73. e8=Q Kd6 74. Qe5+ Kc6 75. Ke6 Kb6 76. Qc3 Kb5 77. Kd6 Kb6
78. Qc6+ Ka5 79. Qb7 Ka4 80. Kc5 Ka3 81. Kc4 Ka2 82. Kc3 Ka3 83. Qa6# 1-0

[Event "DEM U10 2011"]
[Site "Oberhof GER"]
[Date "2011.06.12"]
[Round "1"]
[White "Weißenburg, Julia"]
[Black "Wong, Gengchun"]
[Result "0-1"]
[Termination "normal"]
[Board "28"]
[WhiteElo "995"]
[BlackElo "1337"]
[PlyCount "134"]
[BlackFideId "12963283"]
[EventCountry "GER"]
[EventRounds "11"]
[EventType "swiss"]
[EventDate "2011.06.11"]

1. e4 c5 2. Nf3 d6 3. d4 cxd4 4. Qxd4 Nc6 5. Qe3 Nf6 6. Nc3 a6 7. Bd2 b5 8. Be2
Nb4 9. Rc1 e6 10. a3 Nc6 11. e5 Nd7 12. exd6 Bxd6 13. Ne4 Be7 14. O-O O-O 15.
b4 Bb7 16. c4 bxc4 17. Bxc4 Nf6 18. h3 Rb8 19. Rfd1 Nxe4 20. Qxe4 Na5 21. Qg4
Nxc4 22. Rxc4 Bf6 23. Nh2 Qe7 24. Bf4 Bd5 25. Bxb8 Bxc4 26. Bd6 Qe8 27. Bxf8
Bb3 28. Rd3 Bc2 29. Rd2 Kxf8 30. Rxc2 Qd7 31. Nf3 Qd1+ 32. Kh2 Qxc2 33. Nd4
Qxf2 34. Nf3 Qe3 35. a4 Be5+ 36. Nxe5 Qxe5+ 37. Qg3 Qxg3+ 38. Kxg3 Ke7 39. Kf3
Kd6 40. Ke3 Kd5 41. Kd3 e5 42. Kc3 f5 43. b5 axb5 44. a5 Kc5 45. g3 b4+ 46. Kb3
Kb5 47. a6 Kxa6 48. Kxb4 Kb6 49. Kc4 Kc6 50. Kd3 Kd5 51. h4 g6 52. Ke3 h6 53.
Kf3 g5 54. h5 Kd4 55. g4 e4+ 56. Kg3 f4+ 57. Kf2 Kd3 58. Ke1 Ke3 59. Kf1 Kd2
60. Kf2 e3+ 61. Kg2 e2 62. Kh2 e1=Q 63. Kg2 Qe2+ 64. Kh1 f3 65. Kg1 f2+ 66. Kg2
f1=R+ 67. Kg3 Rf3# 0-1

[Event "DEM U10 2011"]
[Site "Oberhof GER"]
[Date "2011.06.12"]
[Round "1"]
[White "Shoipov, Dennie"]
[Black "Poetsch, Leonore"]
[Result "0-1"]
[Termination "normal"]
[Board "29"]
[WhiteElo "1336"]
[BlackElo "966"]
[PlyCount "120"]
[WhiteFideId "14137755"]
[BlackFideId "12940372"]
[EventCountry "GER"]
[EventRounds "11"]
[EventType "swiss"]
[EventDate "2011.06.11"]

1. e4 e6 2. Nf3 d5 3. exd5 exd5 4. d4 Bd6 5. Bd3 Ne7 6. O-O O-O 7. Be3 Bf5 8.
Bxf5 Nxf5 9. Qd3 Nxe3 10. fxe3 Re8 11. Nc3 c6 12. Rae1 Nd7 13. e4 dxe4 14. Nxe4
Qc7 15. Nxd6 Qxd6 16. Ng5 g6 17. Nxf7 Qb4 18. Rxe8+ Rxe8 19. b3 Re1 20. Ng5
Rxf1+ 21. Qxf1 Qxd4+ 22. Kh1 Qf6 23. Qxf6 Nxf6 24. Ne6 b6 25. Nd8 c5 26. Nc6 a5
27. Nb8 Kf7 28. g4 Ke7 29. h3 Kd6 30. Na6 Ne4 31. a3 b5 32. b4 a4 33. Kg2 c4
34. Kf3 Nc3 35. Nc5 Nb1 36. Ne4+ Ke5 37. Ke3 Nxa3 38. Nc3 Nxc2+ 39. Kd2 Nd4 40.
Ke3 Nc2+ 41. Kd2 Nd4 42. Ke3 g5 43. Kd2 a3 44. Kc1 Nb3+ 45. Kb1 Nd4 46. Kc1 Kf4
47. Kb1 Kg3 48. Ka2 Kxh3 49. Kxa3 Kxg4 50. Ne4 h5 51. Nf2+ Kf3 52. Nh3 Nc2+ 53.
Kb2 Nxb4 54. Nxg5+ Kg4 55. Ne4 h4 56. Nf2+ Kg3 57. Ne4+ Kg2 58. Ng5 h3 59. Ne6
h2 60. Nf4+ Kf3 0-1

[Event "DEM U10 2011"]
[Site "Oberhof GER"]
[Date "2011.06.12"]
[Round "1"]
[White "Wurst, Maximilian"]
[Black "Petersen, Marcel"]
[Result "0-1"]
[Termination "normal"]
[Board "30"]
[WhiteElo "964"]
[BlackElo "1330"]
[PlyCount "60"]
[WhiteFideId "12971812"]
[BlackFideId "12935670"]
[EventCountry "GER"]
[EventRounds "11"]
[EventType "swiss"]
[EventDate "2011.06.11"]

1. e4 c5 2. Nf3 d6 3. d4 cxd4 4. Nxd4 Nf6 5. Nc3 g6 6. Be2 Bg7 7. Bg5 O-O 8.
O-O Bd7 9. f4 Nc6 10. Nb3 Qc7 11. Kh1 a6 12. Qd2 b5 13. a3 Rac8 14. Rad1 Qb8
15. Qd3 b4 16. axb4 Nxb4 17. Qd2 Be6 18. Bxf6 Bxf6 19. Nd5 Bxd5 20. exd5 Rxc2
21. Qe3 Rxb2 22. Nd2 Nxd5 23. Qa3 Nc3 24. Nc4 Rxe2 25. Rc1 Qb7 26. Rg1 Ne4 27.
h3 Bh4 28. Rb1 Bg3 29. Rgc1 Nf2+ 30. Kg1 Nxh3+ 0-1

[Event "DEM U10 2011"]
[Site "Oberhof GER"]
[Date "2011.06.12"]
[Round "1"]
[White "Piskaykin, Bogdan"]
[Black "Herbert, Fabian"]
[Result "1-0"]
[Termination "normal"]
[Board "31"]
[WhiteElo "1329"]
[BlackElo "949"]
[PlyCount "75"]
[WhiteFideId "12941212"]
[BlackFideId "12940402"]
[EventCountry "GER"]
[EventRounds "11"]
[EventType "swiss"]
[EventDate "2011.06.11"]

1. e4 e5 2. Nf3 Nc6 3. Bb5 Nf6 4. O-O Bc5 5. Nxe5 Nxe5 6. d4 Bxd4 7. Qxd4 Qe7
8. Bg5 O-O 9. f4 Nc6 10. Bxc6 dxc6 11. e5 c5 12. exf6 gxf6 13. Qxf6 Qxf6 14.
Bxf6 Bg4 15. h3 Bf5 16. Rf3 h5 17. g4 hxg4 18. hxg4 Bxg4 19. Rg3 Rae8 20. Rxg4+
Kh7 21. Nc3 Re6 22. Bg5 Rg6 23. Rh4+ Kg7 24. Ne4 f5 25. Nxc5 b6 26. Nd3 c5 27.
Ne5 Rd6 28. Be7 Rdd8 29. Bxf8+ Rxf8 30. Kf2 Kf6 31. Rg1 b5 32. Nd7+ Ke7 33.
Nxf8 Kxf8 34. Rh7 a5 35. Rd1 Ke8 36. Ra7 a4 37. Rh1 a3 38. Rh8# 1-0

[Event "DEM U10 2011"]
[Site "Oberhof GER"]
[Date "2011.06.12"]
[Round "1"]
[White "Wastian, Mareike"]
[Black "Ott, Josef Sebastian"]
[Result "0-1"]
[Termination "normal"]
[Board "32"]
[WhiteElo "932"]
[BlackElo "1327"]
[PlyCount "66"]
[WhiteFideId "12947423"]
[BlackFideId "12952079"]
[EventCountry "GER"]
[EventRounds "11"]
[EventType "swiss"]
[EventDate "2011.06.11"]

1. e4 e6 2. Nf3 d5 3. exd5 exd5 4. Be2 Nf6 5. O-O Bd6 6. Nc3 O-O 7. d4 Bg4 8.
Bg5 c6 9. Qd2 Nbd7 10. Rfe1 Nb6 11. b3 Bc7 12. h3 Bh5 13. Bf4 Nc8 14. Bxc7 Qxc7
15. Rad1 Nd6 16. Qd3 Nfe4 17. Ne5 Bxe2 18. Rxe2 Rac8 19. b4 Nxc3 20. Qxc3 Ne4
21. Qd3 f6 22. Nf3 a5 23. a3 axb4 24. axb4 Qb6 25. Qe3 Qxb4 26. Ree1 Qc3 27.
Qxc3 Nxc3 28. Rd3 Ne4 29. Rb3 Rf7 30. Reb1 Rb8 31. Ra1 Rff8 32. Ra7 Nd6 33. Ra4
Ra8 0-1

[Event "DEM U10 2011"]
[Site "Oberhof GER"]
[Date "2011.06.12"]
[Round "1"]
[White "Hoffmann, Jens"]
[Black "Pajeken, Jakob Leon"]
[Result "0-1"]
[Termination "normal"]
[Board "33"]
[WhiteElo "1327"]
[BlackElo "915"]
[PlyCount "116"]
[WhiteFideId "12946320"]
[BlackFideId "12942839"]
[EventCountry "GER"]
[EventRounds "11"]
[EventType "swiss"]
[EventDate "2011.06.11"]

1. e4 e5 2. Nf3 Nc6 3. d4 exd4 4. Nxd4 Nf6 5. Nc3 Bb4 6. Bg5 h6 7. Nxc6 bxc6 8.
Bd2 d6 9. a3 Bxc3 10. Bxc3 O-O 11. Bd3 Re8 12. Qe2 Qe7 13. Bxf6 Qxf6 14. c3 Rb8
15. h3 Qg5 16. Rg1 Bxh3 17. g4 h5 18. Rg3 hxg4 19. f3 Qh4 20. Qh2 Rxb2 21. Qxb2
Qxg3+ 22. Qf2 Qxf3 23. Qxf3 gxf3 24. Kf2 Bg4 25. Rb1 Bc8 26. Rb8 Kf8 27. Ra8 a6
28. Bxa6 Bxa6 29. Rxa6 c5 30. Kxf3 Ke7 31. Ra7 Kd7 32. Rb7 Rh8 33. Kg3 Rh1 34.
a4 Ra1 35. Ra7 Kc8 36. Ra8+ Kb7 37. Rg8 Rxa4 38. Rxg7 Rxe4 39. Rxf7 Re3+ 40.
Rf3 Rxf3+ 41. Kxf3 Kc6 42. Ke3 Kd5 43. Kd3 c4+ 44. Ke3 Kc5 45. Ke4 c6 46. Kf4
Kb5 47. Ke4 Ka4 48. Ke3 Kb3 49. Kd2 Kb2 50. Kd1 Kxc3 51. Kc1 c5 52. Kb1 Kd2 53.
Kb2 c3+ 54. Kb1 c2+ 55. Ka2 c1=Q 56. Kb3 Qc3+ 57. Ka2 Qb4 58. Ka1 Kc2 0-1

[Event "DEM U10 2011"]
[Site "Oberhof GER"]
[Date "2011.06.12"]
[Round "1"]
[White "Maaß, Timo"]
[Black "Martin, Julian"]
[Result "0-1"]
[Termination "normal"]
[Board "34"]
[WhiteElo "882"]
[BlackElo "1321"]
[PlyCount "118"]
[BlackFideId "12941000"]
[EventCountry "GER"]
[EventRounds "11"]
[EventType "swiss"]
[EventDate "2011.06.11"]

1. d4 d5 2. Nf3 e6 3. c4 c5 4. e3 Nc6 5. Nc3 Nf6 6. Bd3 Be7 7. O-O O-O 8. Re1
Re8 9. b3 Qc7 10. Bb2 Bd7 11. Qc2 Nb4 12. Qd2 Nxd3 13. Qxd3 a6 14. Ne5 Bd6 15.
Nf3 Bc6 16. Ba3 dxc4 17. Qxc4 b5 18. Qd3 b4 19. Bb2 bxc3 20. Bxc3 Bxf3 21. gxf3
Bxh2+ 22. Kf1 cxd4 23. Bxd4 Be5 24. Bxe5 Qxe5 25. Red1 Qb5 26. Qxb5 axb5 27.
Rd4 h6 28. Rb4 Ra5 29. Rd4 Rea8 30. Rd2 Nd5 31. Rc2 Nb4 32. Rd2 Rxa2 33. Raxa2
Rxa2 34. Rxa2 Nxa2 35. Ke2 Nc1+ 36. Kd2 Nxb3+ 37. Kc3 Na5 38. Kb4 h5 39. Kxb5
h4 40. Kxa5 h3 41. Kb4 h2 42. Kc3 h1=Q 43. Kd2 Qxf3 44. e4 Qxf2+ 45. Kd3 Qf3+
46. Kd4 f6 47. e5 Qf4+ 48. Kc5 Qxe5+ 49. Kc4 Qd6 50. Kc3 Qd5 51. Kb4 Qc6 52.
Kb3 Qc5 53. Kb2 Qc4 54. Ka1 e5 55. Kb2 e4 56. Ka1 e3 57. Kb2 e2 58. Ka1 e1=Q+
59. Kb2 Qec1# 0-1

[Event "DEM U10 2011"]
[Site "Oberhof GER"]
[Date "2011.06.12"]
[Round "1"]
[White "Niemann, Alexander"]
[Black "Bureik, Nicolas"]
[Result "0-1"]
[Termination "normal"]
[Board "35"]
[WhiteElo "1311"]
[BlackElo "861"]
[PlyCount "28"]
[WhiteFideId "12939862"]
[BlackFideId "12971863"]
[EventCountry "GER"]
[EventRounds "11"]
[EventType "swiss"]
[EventDate "2011.06.11"]

1. e4 d5 2. exd5 Qxd5 3. Nc3 Qd6 4. d4 Nf6 5. Nf3 a6 6. Be2 Nbd7 7. O-O b5 8.
a3 Bb7 9. Be3 O-O-O 10. a4 b4 11. Na2 Qc6 12. Nxb4 Qd6 13. c3 Ng4 14. Ng5 Qxh2#
0-1

[Event "DEM U10 2011"]
[Site "Oberhof GER"]
[Date "2011.06.12"]
[Round "1"]
[White "Flach, Helene"]
[Black "Rockmann, Jan-Okke"]
[Result "0-1"]
[Termination "normal"]
[Board "36"]
[WhiteElo "849"]
[BlackElo "1294"]
[PlyCount "64"]
[WhiteFideId "12929735"]
[BlackFideId "12942111"]
[EventCountry "GER"]
[EventRounds "11"]
[EventType "swiss"]
[EventDate "2011.06.11"]

1. e4 e6 2. d4 d5 3. exd5 exd5 4. Bd3 Nf6 5. Nf3 Bd6 6. h3 O-O 7. Bg5 Re8+ 8.
Be2 Bf5 9. Nc3 c6 10. Qd2 h6 11. Bf4 Bxf4 12. Qxf4 Bxc2 13. O-O Bh7 14. a4 Qb6
15. Qd2 Nbd7 16. a5 Qc7 17. b4 Ne4 18. Qb2 Nxc3 19. Qxc3 Rxe2 20. Qb3 b6 21. b5
Rc2 22. Rfe1 Nf6 23. Re3 cxb5 24. Qxb5 Qd7 25. Qa6 bxa5 26. Ne5 Qc7 27. Rg3
Rxf2 28. Rxa5 Rf5 29. Rc5 Qe7 30. Nc6 Qe1+ 31. Kh2 Bg6 32. Rgc3 Rf1 0-1

[Event "DEM U10 2011"]
[Site "Oberhof GER"]
[Date "2011.06.12"]
[Round "1"]
[White "Stein, Robert"]
[Black "Rosenthal, Moritz"]
[Result "1/2-1/2"]
[Termination "normal"]
[Board "37"]
[WhiteElo "1292"]
[BlackElo "847"]
[PlyCount "34"]
[WhiteFideId "12921084"]
[BlackFideId "12946338"]
[EventCountry "GER"]
[EventRounds "11"]
[EventType "swiss"]
[EventDate "2011.06.11"]

1. e4 e5 2. Nf3 Nc6 3. d4 exd4 4. Nxd4 Bc5 5. Nb3 Bb6 6. Nc3 Nf6 7. Bg5 h6 8.
Bh4 d6 9. Bd3 Be6 10. Qd2 Qd7 11. Bxf6 gxf6 12. Nd5 Bxd5 13. exd5 Ne7 14. O-O-O
Nxd5 15. Rhe1+ Ne7 16. Qe2 Rg8 17. Bf5 Qd8 1/2-1/2

[Event "DEM U10 2011"]
[Site "Oberhof GER"]
[Date "2011.06.12"]
[Round "1"]
[White "Kobald, Jacqueline"]
[Black "Schröter, Ron"]
[Result "0-1"]
[Termination "normal"]
[Board "38"]
[WhiteElo "806"]
[BlackElo "1291"]
[PlyCount "26"]
[WhiteFideId "12988162"]
[BlackFideId "12941727"]
[EventCountry "GER"]
[EventRounds "11"]
[EventType "swiss"]
[EventDate "2011.06.11"]

1. e4 e5 2. Nf3 Nc6 3. Bc4 Bc5 4. O-O Nf6 5. Ng5 O-O 6. d3 d6 7. Nc3 Bg4 8. Nf3
Nd4 9. h3 Nxf3+ 10. gxf3 Bxh3 11. Re1 Nh5 12. Kh1 Qh4 13. Rg1 Bf1# 0-1

[Event "DEM U10 2011"]
[Site "Oberhof GER"]
[Date "2011.06.12"]
[Round "1"]
[White "Schnabel, Bennett"]
[Black "Pantsernaya, Sofya"]
[Result "1-0"]
[Termination "normal"]
[Board "39"]
[WhiteElo "1289"]
[BlackElo "769"]
[PlyCount "119"]
[WhiteFideId "12943290"]
[BlackFideId "12993182"]
[EventCountry "GER"]
[EventRounds "11"]
[EventType "swiss"]
[EventDate "2011.06.11"]

1. e4 d5 2. exd5 Qxd5 3. Nc3 Qa5 4. d3 c6 5. Nf3 Bg4 6. Be2 Nf6 7. O-O e6 8. h3
Bh5 9. Be3 Bb4 10. Bd4 O-O 11. a3 Bd6 12. Bxf6 gxf6 13. Ne4 Be7 14. Nh2 Bxe2
15. Qxe2 f5 16. Ng3 Bd6 17. Nh5 Qe5 18. Qxe5 Bxe5 19. c3 Bxh2+ 20. Kxh2 Nd7 21.
f4 Rad8 22. d4 Nb6 23. Rf3 Nc4 24. b3 Nd2 25. Rg3+ Kh8 26. b4 Rg8 27. a4 Rxg3
28. Nxg3 Ne4 29. Nxe4 fxe4 30. g4 Rd5 31. Re1 f5 32. g5 b5 33. a5 a6 34. h4 Kg7
35. h5 h6 36. Rg1 hxg5 37. Rxg5+ Kf6 38. Rg6+ Kf7 39. Rg5 Kf6 40. h6 Rd8 41.
Rg7 Rh8 42. Ra7 Rxh6+ 43. Kg3 Rg6+ 44. Kf2 Rg4 45. Rxa6 Rxf4+ 46. Ke2 Rf3 47.
Rxc6 e3 48. Kxf3 f4 49. a6 Kg6 50. a7 e2 51. Kxe2 f3+ 52. Kxf3 Kf5 53. Rxe6
Kxe6 54. a8=Q Kf7 55. Qc6 Kg8 56. Qd7 Kh8 57. Kf4 Kg8 58. Kf5 Kf8 59. Kf6 Kg8
60. Qg7# 1-0

[Event "DEM U10 2011"]
[Site "Oberhof GER"]
[Date "2011.06.12"]
[Round "1"]
[White "Weiten, Teresa"]
[Black "Sanati, Charlotte"]
[Result "0-1"]
[Termination "normal"]
[Board "40"]
[WhiteElo "766"]
[BlackElo "1284"]
[PlyCount "78"]
[WhiteFideId "12971944"]
[BlackFideId "12907707"]
[EventCountry "GER"]
[EventRounds "11"]
[EventType "swiss"]
[EventDate "2011.06.11"]

1. e4 e6 2. Nf3 d5 3. Nc3 Nf6 4. Bd3 Bb4 5. exd5 exd5 6. Bb5+ c6 7. Ba4 Bg4 8.
d3 d4 9. Bd2 dxc3 10. bxc3 Bd6 11. O-O O-O 12. Bg5 Nbd7 13. Re1 Qa5 14. Rb1
Qxa4 15. h3 Bh5 16. Re3 Rfe8 17. Qe1 Rxe3 18. Qxe3 Re8 19. Qd2 Qxa2 20. Re1
Rxe1+ 21. Qxe1 h6 22. Bxf6 Nxf6 23. Nd4 Qd5 24. c4 Qxd4 25. Qc1 Bc5 26. Qe1 Bd6
27. Qc1 Be5 28. Qe1 Qa1 29. Qxa1 Bxa1 30. c5 a5 31. Kf1 a4 32. Ke1 Bc3+ 33. Kf1
a3 34. d4 a2 35. Kg1 a1=Q+ 36. Kh2 Bxd4 37. c4 Bxf2 38. h4 Qg1+ 39. Kh3 Qh1#
0-1

[Event "DEM U10 2011"]
[Site "Oberhof GER"]
[Date "2011.06.12"]
[Round "1"]
[White "von Pogrell, Anna"]
[Black "Zieschank, Leon"]
[Result "0-1"]
[Termination "normal"]
[Board "42"]
[WhiteElo "719"]
[BlackElo "1236"]
[PlyCount "104"]
[EventCountry "GER"]
[EventRounds "11"]
[EventType "swiss"]
[EventDate "2011.06.11"]

1. e4 e5 2. Nf3 Nc6 3. Bc4 Bc5 4. Nc3 Nf6 5. d3 O-O 6. Bg5 Be7 7. O-O d6 8. Qd2
Be6 9. Bxe6 fxe6 10. Rae1 Nd7 11. g3 Rxf3 12. Bxe7 Qxe7 13. Qe2 Rff8 14. Kg2
Nd4 15. Qg4 Qf6 16. Nd1 Qf3+ 17. Qxf3 Nxf3 18. Re3 Nd4 19. c3 Nc6 20. Rf3 Rxf3
21. Kxf3 Rf8+ 22. Kg4 Nf6+ 23. Kg5 h6+ 24. Kh4 Kh7 25. Re1 Ne7 26. Re3 c6 27.
g4 Ng6+ 28. Kg3 d5 29. exd5 exd5 30. d4 e4 31. f3 a6 32. fxe4 Nxe4+ 33. Kg2
Nf4+ 34. Kh1 Ng6 35. Kg2 Nh4+ 36. Kh3 g5 37. b3 Rf3+ 38. Rxf3 Nxf3 39. c4 Nxd4
40. cxd5 cxd5 41. Ne3 Nf6 42. Kg3 Ne2+ 43. Kf3 Nc1 44. a4 Nxb3 45. Kg3 Nc5 46.
a5 Nb3 47. h4 Nxa5 48. hxg5 hxg5 49. Nf5 Nc4 50. Ne7 b5 51. Nf5 b4 52. Nd4 a5
0-1